00339nam a22001577a 4500003000400000020001800004082001400022100001900036245003900055250000800094260002400102300000900126650001700135942001200152999001700164SGT a9789352704996 a615bE21T aTRIPATHI, K.D. aESSENTIALS OF MEDICAL PHARMACOLOGY a8TH aINDIAbJAYPEEc2021 a1122 aPHARMACOLOGY 2ddccBK c20970d20970